000 00526nam a2200193 a 4500
001 1771067063786
003 YourLibrary
005 20260214163806.0
008 260214s1987##################000#0#eng##
020 _a9780521341455
082 0 4 _a306.60973
_bCHR
100 1 _aChristiano, Kevin J.,
_eauthor.
245 1 0 _aReligious Diversity and Social Change :
260 _bCambridge University Press,
_c1987.
300 _a259 pages
650 0 _aReligion.
942 _cENGLISH
040 _aYourLibrary
_beng
_cYourLibrary
999 _c612559
_d612559